[Event "Catanzaro Province-ch"]
[Site "Catanzaro"]
[Date "2013.01.19"]
[Round "2"]
[White "Morelli, Gaetano"]
[Black "Caputo, Francesco"]
[Result "1-0"]
[WhiteElo "1891"]
[BlackElo "1626"]
[PlyCount "53"]
[EventDate "2013.01.18"]
[EventType "swiss"]
[EventRounds "5"]
[EventCountry "ITA"]
[SourceTitle "EXT 2014"]
[Source "ChessBase"]
[SourceDate "2013.11.20"]
[SourceVersion "1"]
[SourceVersionDate "2013.11.20"]
[SourceQuality "1"]

1. e4 e5 2. Nf3 Nc6 3. d4 exd4 4. Bc4 d6 5. Nxd4 Qh4 6. 0-0 Ne5 7. Bb5+ c6 8. f4 Bg4 9. Be2 Bxe2 10. Qxe2 Ng6 11. a4 Nf6 12. Ra3 0-0-0 13. Rc3 Qg4 14. Qe3 Re8 15. Nb5 Qd7 16. Qxa7 Kd8 17. e5 Nd5 18. Qa5+ b6 19. Qa8+ Ke7 20. exd6+ Kf6 21. Qxc6 Qxc6 22. Rxc6 Rd8 23. c4 Nb4 24. Rxb6 Nd3 25. Bd2 Nc5 26. N1c3 Nh4 27. f5 1-0